banner-ar

عصر الدولة الزنكية و نجاح المشروع الاسلامى بقيادة نور الدين محمود : (Record no. 61639)

MARC details
000 -الفاتح
حقل البيانات ثابتة الطول 01302nam a22002657a 4500
005 - وقت وتاريخ اخر تعامل مع التسجيلة
رقم الضبط 20240530110509.0
008 - عناصر البيانات ثابتة الطول - معلومات عامة
حقل البيانات ثابتة الطول 151026s2007 ua a g 000 0 ara d
017 ## - رقم الايداع القانونى
رقم الايداع القانونى 2007/2991
المصدر ( الهيئة المختصة) مصر . دار الكتب المصرية
040 ## - مصدر الفهرسة
وكالة الفهرسة الأصلية EG-CaGPL
082 04 - رقم تصنيف ديوى العشرى
رقم الطبعة 21
رقم التصنيف 953.07392\
رقم المادة ع ع
100 0# - المدخل الرئيسى - إسم شخصى
الإسم الشخصى على محمد محمد الصلابى .
245 10 - بيان العنوان
العنوان عصر الدولة الزنكية و نجاح المشروع الاسلامى بقيادة نور الدين محمود :
بقية العنوان الشهيد فى مقاومة التغلغل الباطنى و الغزو الصليبى /
بيان المسئوليه,etc على محمد محمد الصلابى .
250 ## - بيان الطبعة
بيان الطبعة ط1.
260 ## - PUBLICATION, DISTRIBUTION, ETC. (IMPRINT)
تاريخ النشر أو التوزيع 2006 .
300 ## - الوصف المادى
التعداد 574 ص ؛
أبعاد الوعاء 24 سم .
600 0# - المدخل الاضافى بالموضوع-اسم شخصى
الإسم الشخصى عماد الدين زنكى
التقسيم الفرعي الشكلي تراجم .
600 0# - المدخل الاضافى بالموضوع-اسم شخصى
الإسم الشخصى نور الدين الزنكى
التقسيم الفرعي الشكلي تراجم .
600 0# - المدخل الاضافى بالموضوع-اسم شخصى
الإسم الشخصى عبدالقادر الجيلانى .
650 04 - المدخل الاضافى بالموضوع-مصطلح موضوعى
مصطلح موضوعي فتح الرها .
651 04 - المدخل الاضافى بالموضوع - اسم جغرافى
الاسم الجغرافي الدولة الزنكية .
651 04 - المدخل الاضافى بالموضوع - اسم جغرافى
الاسم الجغرافي الدولة الزنكية
التقسيم الفرعي العام الاحوال السياسية
التقسيم الفرعي الزمني عماد الدين الزنكى .
651 04 - المدخل الاضافى بالموضوع - اسم جغرافى
الاسم الجغرافي الدولة الزنكية
التقسيم الفرعي العام الاحوال السياسية
التقسيم الفرعي الزمني نور الدين الزنكى .
942 ## - عناصر المدخل الإضافي( كوها)
مصدر التصنيف او مخطط الترفيف Dewey Decimal Classification
Koha [default] item type كتاب
260 ## - PUBLICATION, DISTRIBUTION, ETC. (IMPRINT)
-- القاهرة :
-- مكتبة جزيرة الورد ،
Holdings
حالة التراجع حالة الفقد حالة تلف ليس للاعارة المكان المؤقت الموقع الحالى تاريخ الاكتساب اجمالي اﻻعارات رقم الطلب الباركود تاريخ اخر مشاهدة تاريخ تفعيل السعر نوع وعاء كوها
        مكتبة القاهرة الكبرى مكتبة القاهرة الكبرى 10/26/2015   953.07392\ ع ع 160986 10/26/2015 10/26/2015 كتاب

Powered By

EGPV